• 首页
  • 本馆介绍
  • 公告通知
  • 最新文献
  • 馆藏检索
  • 电子资源
  • 读者导购
  • 参考咨询
  • 我的图书馆
  • 登录
  • 详细信息显示
  • 放入我的书架
  • 预约/预借图书
  • 作者相关作品
  • 分类相关作品
  • 丛书相关作品
  • 出版社相关作品

书目信息

  • 表格格式
  • 工作单格式
  • 卡片格式
题名:
行走书香间
    
 
作者: 杨虎 著
分册:  
出版信息: 北京   华文出版社  2020.07
页数: 328页
开本: 24cm
丛书名:
单 册:
中图分类: G252.17 , G230
科图分类:
主题词: 读书活动--研究--中国 , 出版学--研究
电子资源:
ISBN: 978-7-5075-5311-6
000 00978nam0 2200265 450
001 0108153900
005 20210308154400.0
010    @a978-7-5075-5311-6@dCNY56.00
100    @a20201022d2020 em y0chiy50 ea
101 0  @achi
102    @aCN@b110000
105    @ay z 000yy
106    @ar
200 1  @a行走书香间@Axing zou shu xiang jian@e阅读与出版研究@f杨虎著
210    @a北京@c华文出版社@d2020.07
215    @a328页@d24cm
330    @a本书是作者近10多年在出版文化相关方面研究成果的汇编论文集,分为“经典的编撰与阅读”“文化建设与畅销书出版”“典藏与出版史论”“出版实务观察”四大模块,从经典阅读、畅销书现象、编辑出版史和编辑出版实务四个方面比较全面地对编辑出版学的各个侧面进行了考察与研究。
517 1  @a阅读与出版研究@Ayue du yu chu ban yan jiu
606 0  @a读书活动@x研究@y中国
606 0  @a出版学@x研究
690    @aG252.17@v5
690    @aG230@v5
701  0 @a杨虎@Ayang hu@4著
801  0 @aCN@bBJSZM@c20210308
905    @b1270937-41@dG252.17@e134@f5
    
    行走书香间:阅读与出版研究/杨虎著.-北京:华文出版社,2020.07
    328页;24cm
    
    
    ISBN 978-7-5075-5311-6:CNY56.00
    本书是作者近10多年在出版文化相关方面研究成果的汇编论文集,分为“经典的编撰与阅读”“文化建设与畅销书出版”“典藏与出版史论”“出版实务观察”四大模块,从经典阅读、畅销书现象、编辑出版史和编辑出版实务四个方面比较全面地对编辑出版学的各个侧面进行了考察与研究。
●
相关链接 在E读中查询图书 在五车中查询图书 在当当中查询图书 在豆瓣中查询图书


正题名:行走书香间     索取号:G252.17/134         预约/预借

序号 登录号 条形码 馆藏地/架位号 状态 备注
1 1270937   212709372   第一样本阅览室/ [索取号:G252.17/134] 在馆    
2 1270938   212709381   教育系资料室/ [索取号:G252.17/134] 在馆    
3 1270939   212709390   教育系资料室/ [索取号:G252.17/134] 在馆    
4 1270940   212709407   第四借阅区/ [索取号:G252.17/134] 在馆    
5 1270941   212709416   第四借阅区/ [索取号:G252.17/134] 在馆    
唐山师范学院图书馆 欢迎您!
大连网信软件有限公司© 版权所有